[Event "Oslo Chess Festival 2017 "]
[Site "Quality Hotel Expo, Fornebu"]
[Date "2017.09.29"]
[Round "8.4"]
[White "Gajewski, Grzegorz"]
[Black "Devereaux, Maxim L"]
[Result "1/2-1/2"]
[WhiteElo "2630"]
[BlackElo "2357"]
[PlyCount "251"]
[EventDate "2017.??.??"]

1. Nf3 Nf6 2. c4 e6 3. Nc3 d5 4. e3 Be7 5. b3 Nbd7 6. d4 O-O 7. Bd3 b6 8. cxd5
exd5 9. O-O Bb7 10. Bb2 Re8 11. Rc1 a6 12. Ne5 Bd6 13. f4 Nf8 14. g4 b5 15. g5
Ne4 16. Nxe4 dxe4 17. Bb1 Bd5 18. Qg4 Ng6 19. h4 Qc8 20. Qg3 Ne7 21. Kf2 Nf5
22. Qg2 Qb7 23. h5 Rac8 24. g6 fxg6 25. hxg6 h6 26. Rh1 c5 27. dxc5 Bxc5 28.
Ng4 Qb6 29. Rh3 Rc6 30. b4 Bd4 31. Bxd4 Nxd4 32. Rd1 Ne6 33. Ke1 Rd6 34. Qh2
Bc4 35. Rc1 Nxf4 36. exf4 Rxg6 37. Ne3 Qd4 38. Qf2 Rd8 39. Rh2 Bd3 40. Bxd3
exd3 41. Rd1 Re8 42. Rh3 Rge6 43. Kd2 Qb2+ 44. Ke1 Qd4 45. Kd2 Qxb4+ 46. Kxd3
Qa3+ 47. Ke2 Qxa2+ 48. Kf1 Qxf2+ 49. Kxf2 a5 50. Rd5 Rb6 51. Rd7 Rf8 52. Nd5
Rbb8 53. Ra7 a4 54. Rh5 Rf7 55. Ra5 b4 56. Rxa4 b3 57. Rh1 Rd8 58. Ne3 Rdf8 59.
f5 Rb8 60. Rb1 g6 61. Ra3 gxf5 62. Raxb3 Rxb3 63. Rxb3 Kg7 64. Kf3 Kg6 65. Kf4
h5 66. Nd5 Ra7 67. Rb6+ Kg7 68. Kg5 f4 69. Nxf4 Ra5+ 70. Kh4 Ra4 71. Kg3 Ra3+
72. Kg2 Ra2+ 73. Kf3 Ra3+ 74. Kf2 Ra2+ 75. Ne2 Ra3 76. Ng3 Ra5 77. Kg2 h4 78.
Ne4 Ra3 79. Kh2 Re3 80. Re6 Ra3 81. Re5 Kf7 82. Rh5 h3 83. Ng3 Ke6 84. Kxh3 Rb3
85. Kg4 Rb4+ 86. Kf3 Ra4 87. Ne4 Ra1 88. Nc5+ Kf6 89. Ke3 Re1+ 90. Kd4 Rd1+ 91.
Nd3 Ra1 92. Rh6+ Kf5 93. Rd6 Ra4+ 94. Ke3 Ra3 95. Rb6 Ra5 96. Rh6 Ra3 97. Rh5+
Kf6 98. Rb5 Ke6 99. Ke4 Ra4+ 100. Nb4 Kf6 101. Rb6+ Kg5 102. Ke5 Ra5+ 103. Nd5
Kg4 104. Rb3 Rc5 105. Ra3 Rb5 106. Ra4+ Kf3 107. Rf4+ Kg3 108. Rf8 Ra5 109. Rf7
Kg4 110. Rf4+ Kg3 111. Re4 Kf2 112. Rb4 Kf3 113. Rb3+ Kg4 114. Rc3 Rb5 115. Ra3
Rc5 116. Ra8 Kf3 117. Rf8+ Kg4 118. Ke4 Rc4+ 119. Kd3 Ra4 120. Rf1 Kg5 121. Ke3
Ra8 122. Nf6 Ra3+ 123. Ke4 Ra4+ 124. Ke5 Ra5+ 125. Nd5 Kg4 126. Rg1+ 1/2-1/2

[Event "Oslo Chess Festival 2017 "]
[Site "Quality Hotel Expo, Fornebu"]
[Date "2017.09.29"]
[Round "8.2"]
[White "Cornette, Matthieu"]
[Black "Vovk, Andriy"]
[Result "0-1"]
[WhiteElo "2602"]
[BlackElo "2622"]
[PlyCount "58"]
[EventDate "2017.??.??"]

1. e4 c5 2. Nc3 d6 3. f4 Nc6 4. Nf3 g6 5. Bb5 Bd7 6. Bc4 Bg7 7. d3 Na5 8. Bd2
a6 9. Qe2 e6 10. a3 Ne7 11. Ba2 b5 12. Nd1 O-O 13. h4 Nac6 14. h5 d5 15. g4 c4
16. Qh2 g5 17. h6 Nd4 18. Nxd4 Bxd4 19. c3 Bh8 20. e5 gxf4 21. d4 f6 22. exf6
Bxf6 23. Nf2 e5 24. dxe5 Bxe5 25. O-O-O Ng6 26. Bb1 Qf6 27. Qh5 Rae8 28. Nh3 d4
29. g5 Qb6 0-1

[Event "Oslo Chess Festival 2017 "]
[Site "Quality Hotel Expo, Fornebu"]
[Date "2017.09.29"]
[Round "8.5"]
[White "Chu, Wei Chao"]
[Black "Maze, Sebastien"]
[Result "1/2-1/2"]
[WhiteElo "2340"]
[BlackElo "2614"]
[PlyCount "116"]
[EventDate "2017.??.??"]

1. d4 Nf6 2. c4 e6 3. Nf3 b6 4. g3 Bb4+ 5. Bd2 a5 6. Bg2 Bb7 7. O-O O-O 8. Bg5
Be7 9. Nc3 Ne4 10. Bxe7 Qxe7 11. Qc2 Nxc3 12. Qxc3 a4 13. b4 d6 14. a3 Nd7 15.
Rfd1 f5 16. Rac1 Nf6 17. d5 e5 18. Ng5 Bc8 19. c5 bxc5 20. bxc5 h6 21. cxd6
cxd6 22. Ne6 Bxe6 23. dxe6 e4 24. Qb4 Rfd8 25. Rc6 Qxe6 26. Rcxd6 Rxd6 27. Rxd6
Qe5 28. Qd4 Qxd4 29. Rxd4 Kf7 30. e3 Ke7 31. g4 g6 32. gxf5 gxf5 33. Bh3 Ra5
34. Rb4 Nd5 35. Rc4 Kf6 36. Rc6+ Kg5 37. Bf1 h5 38. Bc4 h4 39. Kg2 Nf6 40. Rc7
Ng4 41. Rg7+ Kf6 42. Rf7+ Kg6 43. Rb7 Rc5 44. Rb4 Kg5 45. h3 Ne5 46. Bf1 Nf3
47. Rxa4 Rc1 48. Ra8 Kf6 49. a4 Rc7 50. Rg8 Kf7 51. Ra8 Kf6 52. Rg8 Rc6 53. Ra8
Kf7 54. Ra7+ Kg8 55. Ra8+ Kh7 56. Ra7+ Kh8 57. Ra8+ Kh7 58. Ra7+ Kh8 1/2-1/2

[Event "Oslo Chess Festival 2017 "]
[Site "Quality Hotel Expo, Fornebu"]
[Date "2017.09.29"]
[Round "8.6"]
[White "Urkedal, Frode Olav Olsen"]
[Black "Risting, Eivind Olav"]
[Result "1-0"]
[WhiteElo "2570"]
[BlackElo "2322"]
[PlyCount "90"]
[EventDate "2017.??.??"]

1. d4 d5 2. c4 dxc4 3. e4 b5 4. a4 c6 5. Nc3 a6 6. axb5 cxb5 7. Nxb5 axb5 8.
Rxa8 Bb7 9. Ra2 e6 10. f3 f5 11. b3 Bb4+ 12. Kf2 fxe4 13. bxc4 Nf6 14. Qb3 O-O
15. Qxb4 Qxd4+ 16. Ke1 exf3 17. Nxf3 Bxf3 18. gxf3 Ne4 19. Qb3 Nc3 20. Rd2 Qh4+
21. Rf2 Rxf3 22. Qc2 Ne4 23. Bg5 Nxg5 24. Bg2 Re3+ 25. Kd1 Ra3 26. Rhf1 Qd4+
27. Rd2 Ra1+ 28. Ke2 Qe5+ 29. Qe4 Qxe4+ 30. Bxe4 Rxf1 31. Kxf1 Nxe4 32. Rd8+
Kf7 33. cxb5 Ke7 34. Rxb8 Nd6 35. b6 Kd7 36. b7 Kc7 37. Rg8 Kxb7 38. Rxg7+ Kc6
39. Rxh7 Kd5 40. Kf2 Ke5 41. Kf3 Nf5 42. Rf7 Nd4+ 43. Kg4 Nf5 44. Kg5 Nd6 45.
Rf8 Kd5 1-0

[Event "Oslo Chess Festival 2017 "]
[Site "Quality Hotel Expo, Fornebu"]
[Date "2017.09.29"]
[Round "8.3"]
[White "Blomqvist, Erik"]
[Black "Chatalbashev, Boris"]
[Result "0-1"]
[WhiteElo "2521"]
[BlackElo "2537"]
[PlyCount "46"]
[EventDate "2017.??.??"]

1. e4 g6 2. d4 Bg7 3. Nc3 d6 4. Bg5 Nf6 5. Qd2 h6 6. Bf4 Nc6 7. O-O-O e5 8.
dxe5 Nh5 9. Be3 dxe5 10. Bc4 Qxd2+ 11. Rxd2 Nd4 12. Bxd4 exd4 13. Nd5 Kd8 14.
Ne2 c6 15. Ne3 b5 16. Bb3 c5 17. a4 Nf6 18. f3 bxa4 19. Bxa4 Bd7 20. Bxd7 dxe3
21. Rd3 c4 22. Rd6 Ke7 23. Rhd1 Rad8 0-1

[Event "Oslo Chess Festival 2017 "]
[Site "Quality Hotel Expo, Fornebu"]
[Date "2017.09.29"]
[Round "8.7"]
[White "Tryggestad, Andreas G"]
[Black "Stany, G.A."]
[Result "1/2-1/2"]
[WhiteElo "2302"]
[BlackElo "2491"]
[PlyCount "45"]
[EventDate "2017.??.??"]

1. e4 e5 2. Nf3 Nc6 3. Bb5 a6 4. Bxc6 dxc6 5. O-O Ne7 6. Nc3 Ng6 7. d4 Bg4 8.
dxe5 Qxd1 9. Rxd1 Bb4 10. Be3 Bxf3 11. gxf3 Nxe5 12. Kg2 Bxc3 13. bxc3 Rd8 14.
Bf4 f6 15. Bxe5 Rxd1 16. Rxd1 fxe5 17. f4 Rf8 18. fxe5 Ke7 19. Rd3 Ke6 20. Rf3
Rd8 21. Rd3 Rf8 22. Rf3 Rd8 23. Rd3 1/2-1/2

[Event "Oslo Chess Festival 2017 "]
[Site "Quality Hotel Expo, Fornebu"]
[Date "2017.09.29"]
[Round "8.1"]
[White "Bartholomew, John"]
[Black "Li, Di"]
[Result "1/2-1/2"]
[WhiteElo "2449"]
[BlackElo "2459"]
[PlyCount "58"]
[EventDate "2017.??.??"]

1. d4 Nf6 2. c4 e6 3. Nc3 d5 4. cxd5 Nxd5 5. e4 Nxc3 6. bxc3 c5 7. Nf3 cxd4 8.
cxd4 Bb4+ 9. Bd2 Bxd2+ 10. Qxd2 O-O 11. Bc4 b6 12. O-O Bb7 13. Rfe1 Nd7 14. a4
Rb8 15. Bb5 h6 16. a5 Nf6 17. Bd3 b5 18. a6 Bc6 19. Qa5 b4 20. Qc5 Qb6 21. Qxb6
Rxb6 22. Nd2 b3 23. Rab1 Rfb8 24. Rec1 b2 25. Rc2 Rd8 26. Nc4 Rxa6 27. f3 Rxd4
28. Ne5 Ra1 29. Rcxb2 Rxb1+ 1/2-1/2

[Event "Oslo Chess Festival 2017 "]
[Site "Quality Hotel Expo, Fornebu"]
[Date "2017.09.29"]
[Round "8.8"]
[White "Kvisvik, Brede Alex"]
[Black "Arvola, Benjamin"]
[Result "0-1"]
[WhiteElo "2296"]
[BlackElo "2458"]
[PlyCount "94"]
[EventDate "2017.??.??"]

1. d4 Nf6 2. c4 e6 3. g3 d5 4. Bg2 dxc4 5. Nf3 Bd7 6. Ne5 Bc6 7. Nxc6 Nxc6 8.
Qa4 Qd7 9. Bxc6 bxc6 10. O-O c5 11. Qxd7+ Nxd7 12. dxc5 Bxc5 13. Nd2 Nb6 14.
Ne4 Bd4 15. e3 Be5 16. f4 Bd6 17. Bd2 Ke7 18. Bc3 f6 19. Rfc1 Nd5 20. Kf2 Rab8
21. Rab1 Rb5 22. a4 Nxc3 23. bxc3 Rd5 24. Rc2 Kd7 25. Nd2 Ra5 26. Ra2 Rc5 27.
a5 a6 28. Rbb2 Kc6 29. Ra4 Rd8 30. Ke2 Be7 31. Nxc4 h5 32. h3 Rb5 33. Rd2 Rdb8
34. e4 Rc5 35. Kd3 Rb1 36. Kc2 Rg1 37. Rd3 Rg2+ 38. Nd2 Bd6 39. h4 g6 40. Rf3
Kb5 41. Ra1 e5 42. Kd3 f5 43. c4+ Kc6 44. exf5 gxf5 45. fxe5 Bxe5 46. Raf1 Rxa5
47. Rxf5 Ra2 0-1

[Event "Oslo Chess Festival 2017 "]
[Site "Quality Hotel Expo, Fornebu"]
[Date "2017.09.29"]
[Round "8"]
[White "Ã~stenstad, Berge"]
[Black "Mikalsen, Erlend"]
[Result "1-0"]
[WhiteElo "2447"]
[BlackElo "2322"]
[PlyCount "67"]
[EventDate "2017.??.??"]

1. d4 Nf6 2. c4 e6 3. Nf3 d5 4. Bg5 Be7 5. Nc3 h6 6. Bh4 O-O 7. e3 b6 8. Bd3
dxc4 9. Bxc4 Bb7 10. O-O Nbd7 11. Qe2 Ne4 12. Bg3 Ndf6 13. Nxe4 Nxe4 14. Rfd1
Bd6 15. Rac1 Qe7 16. Bh4 g5 17. Bg3 h5 18. Nd2 h4 19. Nxe4 Bxe4 20. Bxd6 cxd6
21. Bd3 Bxd3 22. Rxd3 Rac8 23. Rdc3 Rxc3 24. Rxc3 Kg7 25. Qc2 h3 26. gxh3 Rh8
27. e4 Qf6 28. Qd2 Rh4 29. Rg3 Rxe4 30. Rxg5+ Kf8 31. Rg4 Qf3 32. Qh6+ Ke8 33.
Rg8+ Kd7 34. Qc1 1-0

[Event "Oslo Chess Festival 2017 "]
[Site "Quality Hotel Expo, Fornebu"]
[Date "2017.09.29"]
[Round "8.9"]
[White "Xu, Yi"]
[Black "Gabrielsen, Stig"]
[Result "1-0"]
[WhiteElo "2439"]
[BlackElo "2314"]
[PlyCount "85"]
[EventDate "2017.??.??"]

1. e4 c5 2. Nf3 d6 3. Bb5+ Bd7 4. Bxd7+ Qxd7 5. c4 Nf6 6. Nc3 g6 7. d4 cxd4 8.
Nxd4 Bg7 9. f3 O-O 10. Be3 Nc6 11. Rc1 Rac8 12. b3 Nxd4 13. Bxd4 a6 14. a4 e6
15. O-O Qe7 16. Qd2 Rc6 17. Rce1 Qd8 18. Kh1 Qa5 19. Rd1 Nd7 20. Bxg7 Kxg7 21.
f4 Rb6 22. Rb1 Kg8 23. Qe3 Rc8 24. Ne2 Qc5 25. Qd3 Qa3 26. Nd4 Nc5 27. Qf3 Rc7
28. f5 e5 29. Ne6 Rd7 30. Nxc5 dxc5 31. Qg3 Rd8 32. h3 Qa2 33. Rbd1 Rxd1 34.
Rxd1 Qb2 35. Qe3 Kg7 36. Qxc5 Rxb3 37. f6+ Kh6 38. Qf8+ Kg5 39. Qxf7 Qe2 40.
Rg1 Qxe4 41. Qd7 Kxf6 42. Rf1+ Kg5 43. Qd2+ {Time} 1-0

[Event "Oslo Chess Festival 2017 "]
[Site "Quality Hotel Expo, Fornebu"]
[Date "2017.09.29"]
[Round "8.10"]
[White "Federovski, Adi"]
[Black "Djurhuus, Rune"]
[Result "0-1"]
[WhiteElo "2030"]
[BlackElo "2417"]
[PlyCount "102"]
[EventDate "2017.??.??"]

1. e4 Nc6 2. d4 e5 3. dxe5 Nxe5 4. Nf3 Qf6 5. Nxe5 Qxe5 6. Bd3 Bc5 7. O-O Nf6
8. Nd2 O-O 9. Kh1 d5 10. f4 Qe7 11. exd5 Ng4 12. Ne4 Qh4 13. h3 Bb6 14. f5 Ne3
15. Bxe3 Bxe3 16. Qf3 Bd4 17. c3 Be5 18. Nd2 Bd7 19. Ne4 Rad8 20. Rad1 Bc8 21.
Bc2 b6 22. b3 Bb7 23. c4 c6 24. d6 c5 25. Qf2 Qh6 26. Qd2 Qh5 27. d7 f6 28. Qf2
Rf7 29. Qf3 Qxf3 30. gxf3 Rfxd7 31. Kg2 Kf8 32. Rxd7 Rxd7 33. Rd1 Rxd1 34. Bxd1
Bc8 35. Kf2 Bxf5 36. h4 Ke7 37. Ke3 Bg6 38. Nd2 Bd4+ 39. Kf4 Bd3 40. Ne4 g6 41.
Kg3 Ke6 42. h5 Ke5 43. Nd2 g5 44. f4+ gxf4+ 45. Kg4 Bf5+ 46. Kf3 Be3 47. Nf1
Kd4 48. h6 Be4+ 49. Kg4 f5+ 50. Kg5 f3+ 51. Kh5 Bf4 0-1

[Event "Oslo Chess Festival 2017 "]
[Site "Quality Hotel Expo, Fornebu"]
[Date "2017.09.29"]
[Round "8.26"]
[White "Maksimovic, Branimir"]
[Black "Abdrlauf, Elham"]
[Result "1/2-1/2"]
[WhiteElo "2343"]
[BlackElo "1899"]
[PlyCount "157"]
[EventDate "2017.??.??"]

1. Nf3 Nf6 2. c4 e6 3. Nc3 d5 4. e3 c5 5. d4 Nc6 6. a3 a5 7. cxd5 exd5 8. Bb5
Bd6 9. Ne5 Qc7 10. Qa4 Bd7 11. Nxd7 Qxd7 12. dxc5 Bxc5 13. O-O O-O 14. Rd1 Qe7
15. Ne2 Rfd8 16. Bxc6 bxc6 17. Bd2 Ne4 18. Be1 Qh4 19. Nc3 Rd6 20. Nxe4 Qxe4
21. Qxe4 dxe4 22. Kf1 f5 23. Bc3 Kf7 24. Rxd6 Bxd6 25. Rd1 Ke6 26. Bxg7 Rb8 27.
Rc1 Rb7 28. Bd4 c5 29. Bc3 a4 30. Ke2 h5 31. g3 Rh7 32. Kd2 h4 33. Ke2 hxg3 34.
hxg3 c4 35. Bd4 Kd5 36. Rd1 Rb7 37. Bc3+ Ke6 38. Rh1 Be5 39. Rh6+ Kd5 40. Ra6
Bxc3 41. bxc3 Rb2+ 42. Kf1 Rb3 43. Ra5+ Kd6 44. Rxa4 Rxc3 45. Kg2 Rc2 46. Ra6+
Kd5 47. Ra5+ Ke6 48. Ra8 c3 49. g4 fxg4 50. Kg3 Kd6 51. Rc8 Ke5 52. a4 Rc1 53.
Kg2 c2 54. a5 Ra1 55. Rc5+ Kf6 56. Rxc2 Rxa5 57. Rc4 Kf5 58. Kg3 Rb5 59. Rc8
Rb1 60. Rc5+ Kf6 61. Kxg4 Rb2 62. Rf5+ Ke6 63. Kg5 Ra2 64. Rf8 Kd5 65. Kg4 Ke6
66. Re8+ Kf7 67. Rxe4 Rxf2 68. Kg5 Ra2 69. Kf5 Ra5+ 70. Re5 Ra4 71. e4 Ra6 72.
Rb5 Ke7 73. Rb7+ Ke8 74. Rb5 Kf7 75. e5 Ke7 76. Rb7+ Ke8 77. Rg7 Rb6 78. Ra7
Kf8 79. e6 1/2-1/2

[Event "Oslo Chess Festival 2017 "]
[Site "Quality Hotel Expo, Fornebu"]
[Date "2017.09.29"]
[Round "8.25"]
[White "Khoo-Thwe, Louis"]
[Black "Ronneland, Daniel"]
[Result "0-1"]
[WhiteElo "1653"]
[BlackElo "2218"]
[PlyCount "108"]
[EventDate "2017.??.??"]

1. e4 d6 2. d4 g6 3. Nf3 Bg7 4. c4 Nf6 5. Nc3 O-O 6. Be2 Nbd7 7. O-O e5 8. d5
a5 9. a3 Nc5 10. Qc2 a4 11. Be3 Nfd7 12. Nd2 f5 13. f3 f4 14. Bf2 g5 15. g4
fxg3 16. hxg3 b6 17. Nd1 g4 18. fxg4 Qg5 19. Be3 Rxf1+ 20. Kxf1 Qg6 21. Kg2 Nb3
22. Nxb3 axb3 23. Qxb3 Qxe4+ 24. Bf3 Qg6 25. Nf2 Nc5 26. Bxc5 bxc5 27. Be4 Qg5
28. Qd3 h6 29. Bf5 e4 30. Nxe4 Bxf5 31. gxf5 Qxf5 32. Nxc5 Qe5 33. Nb3 Qxb2+
34. Kg1 Rb8 35. Rb1 Qxa3 36. Kh1 Re8 37. Qg6 Rb8 38. Qd3 Rb4 39. Kg2 Kh8 40.
Re1 Qb2+ 41. Kh3 Rb8 42. Re2 Qf6 43. Na5 Qf1+ 44. Kh2 Rf8 45. Qe3 Rf5 46. Qe8+
Bf8 47. Nc6 Qf3 48. Rg2 Rh5+ 49. Kg1 Qd1+ 50. Kf2 Rf5+ 51. Ke3 Qf3+ 52. Kd4
Qxg2 53. Ne7 Qf2+ 54. Kd3 Rf3+ 0-1

[Event "Oslo Chess Festival 2017 "]
[Site "Quality Hotel Expo, Fornebu"]
[Date "2017.09.29"]
[Round "8.27"]
[White "Nordquelle, Daniel"]
[Black "Sajjadi, Kimiya"]
[Result "1-0"]
[WhiteElo "2203"]
[BlackElo "1893"]
[PlyCount "73"]
[EventDate "2017.??.??"]

1. e4 e6 2. d4 d5 3. Nd2 Nf6 4. e5 Nfd7 5. Bd3 c5 6. c3 Nc6 7. Ne2 cxd4 8. cxd4
f6 9. exf6 Nxf6 10. Nf3 Bd6 11. O-O Qc7 12. Bg5 O-O 13. Bh4 Nh5 14. Bg3 Nxg3
15. hxg3 e5 16. dxe5 Nxe5 17. Nxe5 Bxe5 18. Qb3 Be6 19. Rae1 Rae8 20. Bb1 Qf7
21. Nc3 Qh5 22. Bc2 Bc7 23. Bd1 Qg5 24. Bf3 Bf7 25. Rxe8 Rxe8 26. Nd1 Bb6 27.
g4 d4 28. Qa4 Rd8 29. Re1 Bc7 30. g3 Qa5 31. Qc2 Bd6 32. a3 Bd5 33. Qe2 Bxf3
34. Qxf3 Qg5 35. Qxb7 Qxg4 36. Qd5+ Kh8 37. Qxd6 1-0

[Event "Oslo Chess Festival 2017 "]
[Site "Quality Hotel Expo, Fornebu"]
[Date "2017.09.29"]
[Round "8.28"]
[White "SjÃ¸berg, Isak"]
[Black "Omtvedt, Per"]
[Result "1-0"]
[WhiteElo "2078"]
[BlackElo "1880"]
[PlyCount "61"]
[EventDate "2017.??.??"]

1. e4 c5 2. Nf3 e6 3. b3 Nc6 4. Bb2 d6 5. d4 cxd4 6. Nxd4 Nf6 7. Bd3 Be7 8. O-O
O-O 9. Nxc6 bxc6 10. Nd2 e5 11. c4 Bg4 12. Be2 Bxe2 13. Qxe2 Qb6 14. Rfd1 Nd7
15. Nf1 Nc5 16. Ng3 g6 17. Qg4 Kh8 18. Kh1 f6 19. h4 Rf7 20. h5 Rg8 21. Qh3 Kg7
22. Bc1 Rh8 23. Bh6+ Kg8 24. b4 Qxb4 25. Rab1 Qxc4 26. Rb8+ Bf8 27. Qc8 Ne6 28.
Rxd6 Ng7 29. Rd7 Qe6 30. Qxf8+ Rxf8 31. Rxg7# 1-0

[Event "Oslo Chess Festival 2017 "]
[Site "Quality Hotel Expo, Fornebu"]
[Date "2017.09.29"]
[Round "8.29"]
[White "Ingebretsen, Jens E"]
[Black "GrÃ¸ver, Sigurd Loe"]
[Result "1-0"]
[WhiteElo "2062"]
[BlackElo "1816"]
[PlyCount "57"]
[EventDate "2017.??.??"]

1. e4 e6 2. d4 d5 3. Nd2 Nf6 4. e5 Nfd7 5. Bd3 c5 6. c3 Nc6 7. Ne2 cxd4 8. cxd4
f6 9. exf6 Nxf6 10. Nf3 Bd6 11. O-O O-O 12. Bf4 Nh5 13. Bxd6 Qxd6 14. Ng5 h6
15. Bh7+ Kh8 16. Bg6 Nf4 17. Nf7+ Rxf7 18. Bxf7 Nxe2+ 19. Qxe2 Nxd4 20. Qd3 Nc6
21. Rae1 Bd7 22. Qe3 Rf8 23. Bg6 e5 24. Bb1 Re8 25. Rd1 Qe6 26. Qd3 e4 27. Qxd5
Qxd5 28. Rxd5 Be6 29. Rd6 1-0

[Event "Oslo Chess Festival 2017 "]
[Site "Quality Hotel Expo, Fornebu"]
[Date "2017.09.29"]
[Round "8.30"]
[White "Wetle Hoem, Tor"]
[Black "GonzÃ les, Francisco Silva"]
[Result "0-1"]
[WhiteElo "1965"]
[BlackElo "2046"]
[PlyCount "60"]
[EventDate "2017.??.??"]

1. d4 Nf6 2. Nf3 d5 3. e3 e6 4. Bd3 Bd6 5. O-O c5 6. b3 Nc6 7. Bb2 O-O 8. a3
Ne4 9. c4 cxd4 10. exd4 f5 11. c5 Bc7 12. b4 Bd7 13. Ne5 Nxe5 14. dxe5 b6 15.
f3 Ng5 16. Nd2 bxc5 17. bxc5 Rb8 18. Bd4 Bc6 19. Qe2 Ba5 20. Rfb1 Nh3+ 21. Kh1
Qh4 22. Be3 d4 23. Rxb8 Rxb8 24. Nc4 Bc3 25. Rc1 dxe3 26. gxh3 Qf4 27. Kg2 Bd4
28. Nd6 Bxe5 29. Kg1 Bxf3 30. Qa2 Bd4 0-1

[Event "Oslo Chess Festival 2017 "]
[Site "Quality Hotel Expo, Fornebu"]
[Date "2017.09.29"]
[Round "8.42"]
[White "Tenold, Andreas"]
[Black "Ilyes, Peter"]
[Result "0-1"]
[WhiteElo "1625"]
[BlackElo "1996"]
[PlyCount "94"]
[EventDate "2017.??.??"]

1. c4 Nf6 2. Nf3 g6 3. d4 Bg7 4. e3 O-O 5. Nc3 c5 6. Be2 Nc6 7. d5 Nb4 8. a3
Na6 9. e4 d6 10. Bf4 Bg4 11. e5 Nh5 12. Be3 dxe5 13. h3 Bd7 14. Ne4 Nf4 15. O-O
Nxe2+ 16. Qxe2 b6 17. d6 exd6 18. Rad1 Bc6 19. Nxd6 Qd7 20. Ng5 h6 21. Ngxf7
Rxf7 22. Nxf7 Qxf7 23. Rd6 Be8 24. Qd3 Nc7 25. Rd8 Rxd8 26. Qxd8 Ne6 27. Qd2
Nf4 28. Bxf4 exf4 29. Re1 Bd4 30. Re4 g5 31. Qe2 Kf8 32. Re6 f3 33. Qxf3 Qxf3
34. gxf3 Bxb2 35. Rxh6 Bxa3 36. Rh8+ Ke7 37. Rh7+ Bf7 38. Kg2 Bb2 39. h4 gxh4
40. Rxh4 a5 41. Re4+ Kf6 42. Rf4+ Ke6 43. Rh4 a4 44. Re4+ Kd6 45. Rf4 Be6 46.
Rf8 a3 47. Ra8 Bxc4 0-1

[Event "Oslo Chess Festival 2017 "]
[Site "Quality Hotel Expo, Fornebu"]
[Date "2017.09.29"]
[Round "8.31"]
[White "Nilsen, Tobias Lang"]
[Black "Smeby, Ole"]
[Result "1-0"]
[WhiteElo "1899"]
[BlackElo "1985"]
[PlyCount "77"]
[EventDate "2017.??.??"]

1. Nf3 Nf6 2. d4 b6 3. Bf4 e6 4. e3 Bb7 5. Nbd2 c5 6. c3 cxd4 7. exd4 Be7 8.
Bd3 O-O 9. O-O Na6 10. h3 Nc7 11. Qe2 Nce8 12. Bh2 Bd6 13. Ne5 Bc7 14. f4 d6
15. Nef3 g6 16. Rae1 Ng7 17. Qf2 Re8 18. g4 Nd7 19. Bg3 a6 20. Bh4 f6 21. Bc2
b5 22. f5 exf5 23. Rxe8+ Qxe8 24. Re1 Qf8 25. gxf5 g5 26. Bg3 Bd5 27. Nf1 Re8
28. Ne3 Bxa2 29. b3 Qf7 30. Nd2 Ba5 31. Ng4 Qh5 32. Rxe8+ Qxe8 33. Ne4 Qc8 34.
Nh6+ Kf8 35. Bxd6+ Ke8 36. Qe2 Kd8 37. Nf7+ Ke8 38. Nxf6+ Kxf7 39. Qe7# 1-0

[Event "Oslo Chess Festival 2017 "]
[Site "Quality Hotel Expo, Fornebu"]
[Date "2017.09.29"]
[Round "8.32"]
[White "Holand, Per Fredrik"]
[Black "Taksrud, Vidar"]
[Result "0-1"]
[WhiteElo "1866"]
[BlackElo "1983"]
[PlyCount "94"]
[EventDate "2017.??.??"]

1. e4 Nc6 2. Bc4 Nf6 3. Nc3 e6 4. d4 d5 5. exd5 Nxd5 6. Nf3 Bb4 7. Bd2 O-O 8.
O-O Nxc3 9. bxc3 Bd6 10. Re1 Ne7 11. Bd3 Nd5 12. g3 c5 13. Ng5 Nf6 14. Ne4 Nxe4
15. Bxe4 c4 16. Rb1 Rb8 17. Qh5 f5 18. Bg2 Qc7 19. a4 Bd7 20. Ra1 f4 21. Be4 h6
22. g4 Be8 23. Bg6 Bxg6 24. Qxg6 Rf6 25. Qe4 f3 26. h4 Bf4 27. Bxf4 Qxf4 28.
Rab1 b6 29. Rb5 Rbf8 30. Re5 Qd2 31. Rxe6 Rf4 32. Qg6 Qxc3 33. R6e4 R4f6 34.
Qh5 Qxc2 35. g5 Rf5 36. Qg6 Qd2 37. Re7 R5f7 38. Qe6 hxg5 39. Re3 gxh4 40. Rxf7
Rxf7 41. Qe8+ Rf8 42. Qe6+ Kh8 43. Qg4 Rf6 44. Qh5+ Rh6 45. Qe8+ Kh7 46. Qe4+
Rg6+ 47. Kh1 Qxf2 0-1

[Event "Oslo Chess Festival 2017 "]
[Site "Quality Hotel Expo, Fornebu"]
[Date "2017.09.29"]
[Round "8.33"]
[White "Kvendseth, Thyra"]
[Black "Larsen, Ulrik"]
[Result "1/2-1/2"]
[WhiteElo "1810"]
[BlackElo "1975"]
[PlyCount "64"]
[EventDate "2017.??.??"]

1. d4 Nf6 2. c4 g6 3. Nf3 Bg7 4. g3 O-O 5. Bg2 d6 6. O-O Nc6 7. Nc3 a6 8. e4
Rb8 9. Qe2 Bg4 10. Be3 e5 11. dxe5 Nxe5 12. c5 dxc5 13. Bxc5 Re8 14. Rad1 Qc8
15. Qe3 Nc4 16. Qe2 Ne5 17. Qe3 b6 18. Bd4 Nc6 19. Rfe1 Nxd4 20. Rxd4 Nd7 21.
Rd5 Nf6 22. Rd2 b5 23. Qd3 Rd8 24. Qxd8+ Qxd8 25. Rxd8+ Rxd8 26. e5 Nd7 27. Rd1
Re8 28. Rd4 Bxf3 29. Rxd7 Bxg2 30. Kxg2 Bxe5 31. Nd5 Bxb2 32. Nxc7 Rc8 1/2-1/2

[Event "Oslo Chess Festival 2017 "]
[Site "Quality Hotel Expo, Fornebu"]
[Date "2017.09.29"]
[Round "8.35"]
[White "Kleinert, Juergen"]
[Black "Grindbakken, Erik"]
[Result "0-1"]
[WhiteElo "1918"]
[BlackElo "1675"]
[PlyCount "40"]
[EventDate "2017.??.??"]

1. e4 e5 2. Nc3 Nf6 3. f4 d5 4. fxe5 Nxe4 5. Nf3 Bc5 6. d4 Bb4 7. Bd2 Bg4 8.
Nxe4 dxe4 9. Bxb4 exf3 10. gxf3 Qh4+ 11. Ke2 Nc6 12. c3 Nxb4 13. cxb4 Bh5 14.
Qd3 O-O-O 15. Rd1 Rhe8 16. Qf5+ Kb8 17. Bg2 Rxd4 18. Rhe1 Bg6 19. Qh3 Rxe5+ 20.
Kf1 Bd3+ 0-1

[Event "Oslo Chess Festival 2017 "]
[Site "Quality Hotel Expo, Fornebu"]
[Date "2017.09.29"]
[Round "8.34"]
[White "Ali, Karim"]
[Black "Roque Sola, Andrea"]
[Result "0-1"]
[WhiteElo "1755"]
[BlackElo "1900"]
[PlyCount "54"]
[EventDate "2017.??.??"]

1. e4 e5 2. Nf3 Nc6 3. d4 exd4 4. Nxd4 Bc5 5. Be3 Bb6 6. Nc3 Nf6 7. Nxc6 bxc6
8. Bg5 h6 9. Bh4 d6 10. h3 Qe7 11. Qf3 g5 12. Bg3 Bb7 13. O-O-O O-O-O 14. e5
dxe5 15. Qf5+ Kb8 16. Bxe5 Ne4 17. Nxe4 Rxd1+ 18. Kxd1 Re8 19. Nf6 Bc8 20. Qf3
Rd8+ 21. Bd3 Qxe5 22. Re1 Qxb2 23. Re7 Qa1+ 24. Ke2 Ba5 25. Qxc6 Qe1+ 26. Kf3
Qxe7 27. Be4 Qa3+ 0-1

[Event "Oslo Chess Festival 2017 "]
[Site "Quality Hotel Expo, Fornebu"]
[Date "2017.09.29"]
[Round "8.50"]
[White "Melaa, Sondre LillestÃ¸l"]
[Black "Leonhardsen, VebjÃ¸rn Maanum"]
[Result "1-0"]
[WhiteElo "1883"]
[BlackElo "1483"]
[PlyCount "73"]
[EventDate "2017.??.??"]

1. e4 e6 2. d3 d5 3. Nd2 Nf6 4. Ngf3 Be7 5. g3 O-O 6. Bg2 b6 7. O-O Bb7 8. Qe2
c5 9. c4 Re8 10. b3 dxe4 11. dxe4 Qc7 12. Bb2 Nc6 13. e5 Nd7 14. Rad1 Red8 15.
Ne4 Ndxe5 16. Nxe5 Nxe5 17. Nxc5 Bxg2 18. Kxg2 Bxc5 19. Qxe5 Qxe5 20. Bxe5 Rac8
21. f4 f6 22. Bc3 Kf7 23. Kf3 Be7 24. g4 Rxd1 25. Rxd1 Rd8 26. Rxd8 Bxd8 27.
Bb4 Ke8 28. Ke4 Kd7 29. Bf8 g6 30. Bb4 Be7 31. Bxe7 Kxe7 32. g5 fxg5 33. fxg5
Kd6 34. b4 a5 35. a3 e5 36. h3 Ke6 37. c5 1-0

[Event "Oslo Chess Festival 2017 "]
[Site "Quality Hotel Expo, Fornebu"]
[Date "2017.09.29"]
[Round "8.36"]
[White "Ski, Jonathan K"]
[Black "Nygaard, Karl Magnus"]
[Result "0-1"]
[WhiteElo "1848"]
[BlackElo "1661"]
[PlyCount "48"]
[EventDate "2017.??.??"]

1. d4 Nf6 2. c4 e6 3. Nc3 Bb4 4. f3 c5 5. a3 Bxc3+ 6. bxc3 cxd4 7. cxd4 d5 8.
e3 O-O 9. Nh3 Nc6 10. Be2 e5 11. dxe5 Bxh3 12. exf6 Qxf6 13. Rb1 Bxg2 14. Rg1
Qh4+ 15. Kd2 dxc4 16. Kc2 Qxh2 17. Bb2 g6 18. Qd5 Rad8 19. Qe4 Rfe8 20. Qg4
Rxe3 21. Qxc4 Bxf3 22. Rbf1 Rxe2+ 23. Kc1 Rxb2 24. Qc3 Rdd2 0-1

[Event "Oslo Chess Festival 2017 "]
[Site "Quality Hotel Expo, Fornebu"]
[Date "2017.09.29"]
[Round "8.43"]
[White "Vangen, David Luangtep"]
[Black "Greibrokk, Ingrid"]
[Result "1-0"]
[WhiteElo "1499"]
[BlackElo "1820"]
[PlyCount "61"]
[EventDate "2017.??.??"]

1. e4 c5 2. Nf3 d6 3. d4 cxd4 4. Nxd4 Nf6 5. Nc3 g6 6. Be3 Bg7 7. f3 a6 8. Qd2
h5 9. h3 b5 10. a3 Bb7 11. Be2 Nbd7 12. O-O-O Nb6 13. Kb1 Rc8 14. g4 Nc4 15.
Bxc4 Rxc4 16. Nde2 Qa5 17. e5 dxe5 18. g5 Bxf3 19. gxf6 Bxf6 20. Qd7+ Kf8 21.
Rhg1 Kg7 22. Rdf1 Rd8 23. Qf5 e4 24. Nf4 Rh8 25. Rxg6+ Kf8 26. Rxf6 Rxc3 27.
Rxf7+ Ke8 28. bxc3 Qxc3 29. Nd5 Qc6 30. Rxe7+ Kd8 31. Bb6+ 1-0